000
00292nam a2200121Ia 4500
005
20251222144808.0
008
251222s9999||||xx |||||||||||||| ||spa||
082
_a
261.1/P85
100
_a
Durand, Ricardo
245
0
_a
Preocupación Social:
264
_b
Vida y Espiritualidad
942
_c
LIB
999
_c
19993
_d
19993